| 000 | 03142nam a2200313 i 4500 | ||
|---|---|---|---|
| 001 | ssj0001923943 | ||
| 003 | WaSeSS | ||
| 005 | 20250711123343.0 | ||
| 006 | m d | ||
| 007 | cr n | ||
| 008 | 170410s2017 cauab sb 001 0 eng d | ||
| 010 | _a 2017016888 | ||
| 020 | _a9780262037211 | ||
| 040 |
_aDLC _beng _cDLC _dDLC _dWaSeSS |
||
| 041 | _aeng | ||
| 042 | _apcc | ||
| 050 | 0 | 0 |
_aBJ1012 _b.K55 2017 |
| 100 |
_aKoch, Tom _d1949- _925745 _eauthor |
||
| 245 | 1 | 0 |
_aEthics in everyday places _b: mapping moral stress, distress, and injury _c/ Tom Koch. |
| 260 |
_aRedlands, CA : _bEsri Press ; _aCambridge, Massachusetts : _bThe MIT Press, _c2017. |
||
| 300 |
_axix, 259 pages : _billustrations (chiefly color), maps (chiefly color) ; _c24 cm. |
||
| 490 | _aBasic bioethics | ||
| 504 | _aIncludes bibliographical references (pages 219-238) and index. | ||
| 505 | 0 | _aCultural realities: ethics, values and morals — Moral stress, distress, and injury — An ethnography of ethics — Ethics, geography, and mapping: the failure of the simple — The tobacco problem — The morals in the map: stress and distress — Moral communities and their members — Mapping poverty: ethics and morals — An educational example — Mapping justice as transportation — Ethics and transplantation — The ethics of scale, the scale of distress — It's ... complex. | |
| 520 | _aAn exploration of moral stress, distress, and injuries inherent in modern society through the maps that pervade academic and public communications worlds. In Ethics in Everyday Places, ethicist and geographer Tom Koch considers what happens when, as he puts it, “you do everything right but know you've done something wrong." The resulting moral stress and injury, he argues, are pervasive in modern Western society. Koch makes his argument "from the ground up," from the perspective of average persons, and through a revealing series of maps in which issues of ethics and morality are embedded. The book begins with a general grounding in both moral stress and mapping as a means of investigation. The author then examines the ethical dilemmas of mapmakers and others in the popular media and the sciences, including graphic artists, journalists, researchers, and social scientists. Koch expands from the particular to the general, from mapmaker and journalist to the readers of maps and news. He explores the moral stress and injury in educational funding, poverty, and income inequality ("Why aren't we angry that one in eight fellow citizens lives in federally certified poverty?"), transportation modeling (seen in the iconic map of the London transit system and the hidden realities of exclusion), and U.S. graft organ transplantation. This uniquely interdisciplinary work rewrites our understanding of the nature of moral stress, distress and injury, and ethics in modern life. Written accessibly and engagingly, it transforms how we think of ethics—personal and professional—amid the often conflicting moral injunctions across modern society. | ||
| 650 | 0 |
_aEthics _9947 |
|
| 650 | 0 |
_aCartography _xMiscellanea _925746 |
|
| 942 | _2lcc | ||
| 999 |
_c4851 _d4851 |
||